000 00581nam a2200229Ia 4500
003 OSt
005 20220918200735.0
006 a|||||r|||| 00| 0
007 ta
008 220917b |||||||| |||| 00| 0 eng d
024 _a90,081
037 _cTextual
040 _aARTS
_cARTS
_beng
041 _2eng
_aeng
082 _aU8:49:N5, 113K3
100 _aSinor Denis
_995367
245 0 _aIntroduction Al'etude del'eurasie centrale
260 _c1963
650 _aGEOGRAPHY
942 _hU8:49:N5, 113K3
_cTEXL
_2CC
999 _c213750
_d213750